000 00568nam a2200205Ia 4500
003 GCL
008 140319s9999 xx 000 0 ara d
040 _aGCL /
_cGCL
082 0 4 _a913.031
_bو ا
100 1 _aوولى, ليونارد
245 1 0 _aاعمال الحفر الاثرى /
_cوولى, ليونارد
700 1 _aحسن الباشا(مترجم)
260 _a[S.N] :
_bدار النهضة العربية
300 _a131 ص
490 _a
650 0 4 _aالتاريخ
650 0 4 _aالاثار
650 0 4 _aالحفائر
942 _2ddc
_cBK
999 _c35742
_d35742